A Bayer környezetbarát megoldásai

Bibliográfiai részletek
Szerző: Pető Kata
További közreműködők: Németh Dr. Patrícia
Dokumentumtípus: Diplomadolgozat
Kulcsszavak:Környezetvédelem
Ökológiai lábnyom
Globális problémák
Ablakon bedobott pénz
Fenntarthatóság
Online Access:http://dolgozattar.uni-bge.hu/1867

MARC

LEADER 00000nta a2200000 i 4500
001 dolg1867
005 20151103144828.0
008 150427suuuu hu om 000 hun d
040 |a BGE Dolgozattár Repozitórium  |b hun 
041 |a hu 
100 1 |a Pető Kata 
245 1 2 |a A Bayer környezetbarát megoldásai  |c Pető Kata  |h [elektronikus dokumentum] 
246 1 1 |a A Bayer környezetbarát megoldásai 
246 1 1 |a Eco-friendly solutions of Bayer 
520 3 |a A Bayer környezetbarát megoldásai 
695 |a Környezetvédelem 
695 |a Ökológiai lábnyom 
695 |a Globális problémák 
695 |a Ablakon bedobott pénz 
695 |a Fenntarthatóság 
700 1 |a Németh Dr. Patrícia  |e ths 
856 4 0 |u http://dolgozattar.uni-bge.hu/1867/1/szakdolgozat_v%C3%A9gleges.pdf  |z Dokumentum-elérés